Mzda nie je jediným zdaniteľným príjmom zamestnanca

Príjmy, ktoré patria medzi príjmy zo závislej činnosti, ktoré sú predmetom dane z príjmov podľa zákona č. 595/2003 Z. z. o dani z príjmov v z. n. p. Príjmy zamestnanca pravidelné, nepravidelné alebo jednorazové. Používanie služobného vozidla na súkromné účely. Cena alebo výhra prijatá zamestnancom.

Na minha lista:
Detalhes bibliográficos
Autor principal: Válek, Juraj, 1981-
Formato: Capítulo de Livro
Idioma:eslovaco
Assuntos:
Tags: Adicionar Tag
Sem tags, seja o primeiro a adicionar uma tag!

MARC

LEADER 00000nla a2200000 4500
001 0185149
005 20240502073155.3
041 0 |a slo 
044 |a SK 
245 1 0 |a Mzda nie je jediným zdaniteľným príjmom zamestnanca  |c Juraj Válek 
520 |a Príjmy, ktoré patria medzi príjmy zo závislej činnosti, ktoré sú predmetom dane z príjmov podľa zákona č. 595/2003 Z. z. o dani z príjmov v z. n. p. Príjmy zamestnanca pravidelné, nepravidelné alebo jednorazové. Používanie služobného vozidla na súkromné účely. Cena alebo výhra prijatá zamestnancom. 
610 2 0 |a príjmy 
610 2 0 |a mzdy 
610 2 0 |a zamestnanci 
610 2 0 |a zdaňovanie 
610 2 0 |a dane z príjmov 
610 2 0 |a legislatíva 
100 1 |a Válek, Juraj, 1981-